000 01793nam a2200529 i 4500
001 5703
003 KOSZ 005
005 20220915081521.0
008 970513s1992 pl a f f |000 0 pol
015 _aPB 1992/8529
020 _a8385205225
035 _a991001470859705066
035 _a(PL-WaBN)b10422468-48omnis_nlop
035 _ab10422468
035 _a(OCoLC)749711812
035 _a(PL)b0000001042246
035 _a(EXLNZ-48OMNIS_NETWORK)9910392719305606
040 _aWA N
_cWA N
_dKOSZ 005/EG
041 1 _apol
_heng
046 _k1992
080 _a330.101.542
080 _a(075.8)
080 _a(076)
100 1 _aLaidler, David E. W.
_d(1938- )
_eAutor
245 1 0 _aWstęp do mikroekonomii :
_bzadania i problemy /
_cDavid Laidler, Saul Estrin ; [red. nauk. Marek Belka ; tł. z ang.].
246 3 0 _iTyt. oryg.:
_aIntroduction to microeconomics,
_f1990
260 _aWarszawa :
_bGebethner i Ska,
_c1992.
300 _aV, 97, [1] s. :
_bwykr. ;
_c24 cm.
336 _2rdacontent
_aTekst
_btxt
337 _2rdamedia
_aBez urządzenia pośredniczącego
_bn
338 _2rdacarrier
_aWolumin
_bnc
380 _aKsiążki
380 _aPublikacje dydaktyczne
385 _mPoziom nauczania
_aSzkoły wyższe
388 _a1901-2000
388 _a1989-2000
650 7 _aMikroekonomia
_2DBN
655 7 _aĆwiczenia i zadania
_2DBN
655 7 _aPodręczniki akademickie
658 _aGospodarka, ekonomia, finanse
700 1 _aBelka, Marek
_d(1952- )
_eRedakcja
700 1 _aEstrin, Saul
_eAutor
710 2 _aWydawnictwo Gebethner i Ska
856 _uhttp://koha.tu.koszalin.pl/cgi-bin/koha/opac-detail.pl?biblionumber=5703
_yKatalog online BPK
942 _2UKD
_cKS
999 _c5703
_d5703